| 000 | 01111nam a22001937a 4500 | ||
|---|---|---|---|
| 999 |
_c58953 _d58953 |
||
| 003 | Ge_BSU | ||
| 005 | 20221024114817.0 | ||
| 008 | 221024s1994 ge ||||| |||| 00| 0 geo d | ||
| 041 | _ageo | ||
| 080 | _a327(479.22)(09) ტ-13 | ||
| 100 |
_aტაბაღუა, ილია _915474 |
||
| 245 |
_aსაქართველოს საგარეო ურთიერთობების ისტორიიდან : _b(ლექციების კურსი) / _cრედ.: ვ. კავთიაშვილი ; ნიკიფორე ირბახის სახ. საერთ. ურთიერთ. ინ-ტი. |
||
| 264 |
_aთბილისი, _c1994. |
||
| 300 |
_a128 გვ. ; _b20 სმ. |
||
| 653 | _aსაქართველოს საგარეო ურთიერთობების ისტორია | ||
| 700 |
_aკავთიაშვილი, ვ. _eრედაქტორი _915475 |
||
| 710 |
_a ნიკიფორე ირბახის სახ. საერთ. ურთიერთ. ინ-ტი _915476 |
||
| 942 |
_2udc _cBK |
||